000 00657nam a2200193Ia 4500
999 _c41343
_d41343
003 GCL
005 20240530103634.0
008 140319s1989 le 000 0 ara d
040 _aGCL /
_cGCL
082 0 4 _a942.1/
_bع أ
100 0 _aعصام نورالدين
245 1 0 _aابن هشام الانصارى :
_bحياته ومنهجه النحوى /
_cعصام نورالدين
260 _aبيروت :
_bالشركة العالمية للكتاب ش م ل،
_c1989.
300 _a198 ص. ؛
_c19 سم.
630 0 _aابن هشام الانصارى
650 0 7 _2qrmak
_aالنحو
650 0 7 _2qrmak
_aاللغة العربية
942 _2ddc
_cBK